logo

Bir Sreshtho Munshi Abdur Rouf Library
Jhenaidah Cadet College

The complete paintings of Michelangelo / (Record no. 9926)

MARC details
000 -LEADER
fixed length control field 00798cam a2200253 4500
001 - CONTROL NUMBER
JCCL Control Number 9926
003 - CONTROL NUMBER IDENTIFIER
JCCL marc code BD-JhCC
005 - DATE AND TIME OF LATEST TRANSACTION
control field 20180403125325.0
008 - FIXED-LENGTH DATA ELEMENTS--GENERAL INFORMATION
fixed length control field 180403t19691966nyuaf bc 000 0 eng
035 ## - SYSTEM CONTROL NUMBER
system control number (BD-JhCC)9926
040 ## - CATALOGING SOURCE
Original cataloging agency DLC
Transcribing agency DLC
Modifying agency DLC
-- BD-JhCC
041 ## - LANGUAGE CODE
Language code of Book eng
050 00 - LIBRARY OF CONGRESS CALL NUMBER
Classification number ND623.B9
Item number C273 1969b
082 00 - DEWEY DECIMAL CLASSIFICATION NUMBER
Classification number 759.5
Author mark and Year MIC 1969
100 0# - MAIN ENTRY--PERSONAL NAME
Personal name Michelangelo Buonarroti,
Dates associated with a name 1475-1564.
245 14 - TITLE STATEMENT
Title The complete paintings of Michelangelo /
Statement of responsibility, etc Introd. by L. D. Ettlinger. Notes and catalogue by Ettore Camesasca.
260 ## - PUBLICATION, DISTRIBUTION, ETC. (IMPRINT)
Place of publication, distribution, etc New York :
Name of publisher, distributor, etc H. N. Abrams,
Date of publication, distribution, etc 1969, c1966.
300 ## - PHYSICAL DESCRIPTION
Pagination 111 p.
Other physical details illus., 64 col. plates.
Dimensions 32 cm.
490 0# - SERIES STATEMENT
Series statement Classics of the world's great art
504 ## - BIBLIOGRAPHY, ETC. NOTE
Bibliography, etc Bibliography: p. 82.
700 1# - ADDED ENTRY--PERSONAL NAME
Personal name Camesasca, Ettore,
Dates associated with a name 1922-
942 ## - ADDED ENTRY ELEMENTS (KOHA)
Source of classification or shelving scheme Dewey Decimal Classification
Koha item type Reference
Holdings
Source of classification or shelving scheme Damaged status Not for loan Home library Current library Shelving location Date of accession Total Checkouts Full call number Barcode Date last seen Copy number Koha item type
Dewey Decimal Classification     JCC Rouf Library JCC Rouf Library General Stacks 04/03/2018   759.5 MIC 1969 13418 04/03/2018 C-1 Reference

JCC Library | Contacts | JCC Home

Last Update on 23 September 2017
Copyright @ 2017-2020 JCC Rouf Library
Rouf Library, Jhenidah Cadet College (JCC), Bangladesh